| 000 | 00426nam a2200169Ia 4500 | ||
|---|---|---|---|
| 008 | 230524s9999 xx 000 0 und d | ||
| 020 | _a9788120329607 | ||
| 082 |
_a5.133 _bBRE |
||
| 100 | _aBarry B.Brey | ||
| 245 | 0 | _a"The Intel Microprocessors (8086/8088, 80186/80188?..)" | |
| 250 | _a4TH | ||
| 260 |
_aNEW DELHI _bPHI _c1999 |
||
| 300 | _aXV;907 | ||
| 500 | _aQuantity Number: 21 | ||
| 650 | _aComp-Sc | ||
| 942 | _cBK | ||
| 999 |
_c25625 _d25625 |
||